000 00549nam a2200217Ia 4500
005 20140415112039.0
008 140130s9999 xx 000 0 und d
020 _a9780439561457
050 _aPZ 8
_b.M17295Cin 2005
100 _aMcClintock, Barbara.
245 _cBarbara McClintock.
_aCinderella /
260 _bScholastic Inc.,
_c2005.
_aUSA :
300 _a30 p. :
_bcol. ill. ;
_c30 cm.
440 _v1
521 _aG2
526 _c380
650 _aFairy Tales
650 _aFolklore
_xFrance
942 _cBK
_2lcc
999 _c41619
_d41619